Statistics for Name That Amusement Park!!!

Click here to take the quiz!

General Stats

  • This quiz has been taken 30 times
  • The average score is 5 of 9

Answer Stats

Answer% Correct
Cedar Point
91%
Hersheypark
91%
Kolmarden
82%
Six Flags Great Adventure
73%
Nickelodeon Universe @American Dream
55%
Nickelodeon Universe @Mall of America
36%
Fuji-Q Highlands
27%
Super Nintendo World
18%
Walt Disney World
18%

Score Distribution

Percentile by Number Answered

Percent of People with Each Score

Your Score History

You have not taken this quiz